00433nam a2200145Ia 4500008004100000020001500041041000800056082001800064100003300082245009900115250000600214260003900220300001100259650001700270210716s2002 xx 000 0 und d a8126502843 aeng a005.2766 MART aMartin, Tony;Selly, Dominic. aVisual basic .net projects: building 10 enterprise projects.bBuilding 10 enterprise projects. a1 aNew DelhibJohn Wiley & sonsc2002 axv,487 aVisual Basic